[Event "Navalmoral op 19th"]
[Site "Navalmoral"]
[Date "2013.12.06"]
[Round "3"]
[White "Ivanov, Borislav"]
[Black "Campora, Daniel Hugo"]
[Result "1-0"]
[WhiteElo "2318"]
[BlackElo "2474"]
[PlyCount "67"]
[EventDate "2013.12.05"]
[EventType "swiss"]
[EventRounds "7"]
[EventCountry "ESP"]
[SourceTitle "CBM 157 Extra"]
[Source "ChessBase"]
[SourceDate "2013.12.19"]
[SourceVersion "1"]
[SourceVersionDate "2013.12.19"]
[SourceQuality "1"]

1. d4 Nf6 2. c4 e6 3. g3 d5 4. Nf3 Be7 5. Bg2 0-0 6. 0-0 b6 7. Ne5 Bb7 8. Nc3 Na6 9. Bf4 c5 10. Rc1 Ne4 11. cxd5 exd5 12. Be3 Qe8 13. Nf3 Rd8 14. Bf4 h6 15. a3 g5 16. Be3 f5 17. dxc5 bxc5 18. Qb3 Ba8 19. Ne5 Kh7 20. Nxe4 fxe4 21. f3 Bd6 22. Ng4 Qe6 23. Nf2 exf3 24. exf3 c4 25. Qc2+ Qg6 26. Bxa7 Nc5 27. Rfe1 Rde8 28. Qc3 Nb3 29. Rcd1 Rxe1+ 30. Rxe1 Re8 31. Rxe8 Qxe8 32. Ng4 Qe7 33. Bf2 Bc5 34. Ne5 1-0

[Event "Sofia-ch U26"]
[Site "Sofia"]
[Date "2013.11.09"]
[Round "5"]
[White "Ivanov, Borislav"]
[Black "Todorov, Rosen"]
[Result "1/2-1/2"]
[WhiteElo "2338"]
[BlackElo "1682"]
[PlyCount "94"]
[EventDate "2013.11.06"]
[EventType "swiss"]
[EventRounds "7"]
[EventCountry "BUL"]
[SourceTitle "EXT 2015"]
[Source "ChessBase"]
[SourceDate "2014.11.20"]
[SourceVersion "1"]
[SourceVersionDate "2014.11.20"]
[SourceQuality "1"]

1. e4 c5 2. c3 Nf6 3. e5 Nd5 4. Nf3 Nc6 5. d4 cxd4 6. cxd4 d6 7. Be2 g6 8. exd6 Qxd6 9. 0-0 Bg7 10. Nc3 0-0 11. Bg5 h6 12. Bh4 b6 13. Bg3 Qd8 14. Rc1 Bb7 15. Nxd5 Qxd5 16. Bc4 Qd8 17. Ne5 Nxe5 18. dxe5 e6 19. Qa4 Qe7 20. Rfd1 Rfd8 21. Bf1 Bd5 22. f4 Rac8 23. Be1 Bf8 24. a3 a5 25. Bf2 Qb7 26. Qb5 Rb8 27. Be3 Kg7 28. Rd2 Kg8 29. Rdc2 Rd7 30. h3 Be4 31. Rc3 Bd5 32. Qa4 Bc5 33. Bxc5 bxc5 34. Rxc5 Rdd8 35. Rxa5 Qxb2 36. Qc2 Qd4+ 37. Qf2 Qxf2+ 38. Kxf2 Rb2+ 39. Kg1 Ra2 40. Ra7 Rb8 41. g3 Rbb2 42. Rc8+ Kg7 43. Rcc7 Rh2 44. Rxf7+ Kg8 45. Rg7+ Kh8 46. Rh7+ Kg8 47. Rhg7+ Kh8 1/2-1/2

[Event "Veliko Tarnovo op"]
[Site "Veliko Tarnovo"]
[Date "2013.05.05"]
[Round "8"]
[White "Kukov, Velislav"]
[Black "Ivanov, Borislav"]
[Result "1/2-1/2"]
[WhiteElo "2387"]
[BlackElo "2303"]
[PlyCount "30"]
[EventDate "2013.05.01"]
[EventType "swiss"]
[EventRounds "9"]
[EventCountry "BUL"]
[SourceTitle "CBM 154 Extra"]
[Source "ChessBase"]
[SourceDate "2013.06.25"]
[SourceVersion "2"]
[SourceVersionDate "2013.06.25"]
[SourceQuality "1"]

1. Nf3 Nf6 2. d4 d5 3. c4 c6 4. cxd5 cxd5 5. Nc3 Nc6 6. Bf4 Bf5 7. e3 e6 8. Be2 Be7 9. 0-0 0-0 10. Ne5 Rc8 11. Rc1 Nxe5 12. Bxe5 a6 13. a3 Ne4 14. Nxe4 Bxe4 15. Qd2 Qd7 1/2-1/2

[Event "BUL-ch sf 77th"]
[Site "Plovdiv"]
[Date "2013.02.15"]
[Round "6"]
[White "Popchev, Milko"]
[Black "Ivanov, Borislav"]
[Result "1-0"]
[WhiteElo "2434"]
[BlackElo "2342"]
[PlyCount "105"]
[EventDate "2013.02.11"]
[EventType "swiss (rapid)"]
[EventRounds "9"]
[EventCountry "BUL"]
[SourceTitle "CBM 152 Extra"]
[Source "ChessBase"]
[SourceDate "2013.02.25"]
[SourceVersion "1"]
[SourceVersionDate "2013.02.25"]
[SourceQuality "1"]

1. b3 d5 2. Bb2 Nf6 3. e3 Bf5 4. Nf3 c6 5. Be2 h6 6. Bxf6 gxf6 7. c4 e6 8. Nc3 Ba3 9. Nd4 Bg6 10. cxd5 cxd5 11. Bh5 Bxh5 12. Qxh5 Ke7 13. 0-0 Nc6 14. Rab1 Bd6 15. Ncb5 Nxd4 16. Nxd4 Rc8 17. b4 Be5 18. Nf3 Bd6 19. a3 Qg8 20. Nd4 Be5 21. Nb3 Qg6 22. Qe2 Qc2 23. Nc5 b6 24. Nd3 Bd6 25. Rbc1 Qb3 26. Ra1 Rc2 27. Ne1 Qc4 28. Qd1 Rb2 29. Nf3 Rc8 30. Rb1 Qa2 31. Rxb2 Qxb2 32. Qa4 Rc7 33. Qa6 Qc2 34. d3 Qa2 35. Nd4 Bxb4 36. Nb5 Rd7 37. g3 Ba5 38. Nxa7 Rc7 39. Nb5 Rd7 40. Qc8 Rd8 41. Qc6 Qb3 42. d4 Qc4 43. Rc1 Qxc6 44. Rxc6 f5 45. Kf1 Rd7 46. Ke2 Rd8 47. h4 Rd7 48. h5 Kf6 49. Rc8 Kg5 50. Rg8+ Kxh5 51. Kf3 Be1 52. Kg2 Bd2 53. Kh3 1-0

[Event "Zadar op-A 19th"]
[Site "Zadar"]
[Date "2012.12.17"]
[Round "3"]
[White "Ivanov, Borislav"]
[Black "Kurajica, Bojan"]
[Result "1-0"]
[WhiteElo "2227"]
[BlackElo "2565"]
[PlyCount "69"]
[EventDate "2012.12.16"]
[EventType "swiss"]
[EventRounds "9"]
[EventCountry "CRO"]
[SourceTitle "EXT 2014"]
[Source "ChessBase"]
[SourceDate "2013.11.20"]
[SourceVersion "1"]
[SourceVersionDate "2013.11.20"]
[SourceQuality "1"]

1. d4 Nf6 2. c4 e6 3. g3 Bb4+ 4. Bd2 c5 5. Bxb4 cxb4 6. Bg2 0-0 7. Nf3 d6 8. 0-0 Qe7 9. a3 bxa3 10. Rxa3 b6 11. Nc3 Bb7 12. d5 e5 13. Nh4 g6 14. Qd2 Nh5 15. Qh6 f5 16. e4 Ng7 17. exf5 gxf5 18. Nb5 Rf6 19. Qg5 Qf7 20. Rxa7 Rxa7 21. Nxa7 f4 22. Ra1 Na6 23. Nc6 Bc8 24. Nf5 Bxf5 25. Rxa6 h6 26. Qh4 Bd3 27. Rxb6 e4 28. Rb7 Qxb7 29. Qxf6 e3 30. fxe3 fxe3 31. Ne7+ Kh7 32. Qf8 h5 33. Qg8+ Kh6 34. Qh8+ Bh7 35. Be4 1-0

[Event "Benidorm op U2300 11th"]
[Site "Benidorm"]
[Date "2012.12.05"]
[Round "6"]
[White "Ivanov, Borislav"]
[Black "Voiteanu, Christian Gabriel"]
[Result "1-0"]
[WhiteElo "2201"]
[BlackElo "2281"]
[PlyCount "23"]
[EventDate "2012.11.30"]
[EventType "swiss"]
[EventRounds "10"]
[EventCountry "ESP"]
[SourceTitle "EXT 2014"]
[Source "ChessBase"]
[SourceDate "2013.11.20"]
[SourceVersion "1"]
[SourceVersionDate "2013.11.20"]
[SourceQuality "1"]

1. d4 Nf6 2. c4 e5 3. dxe5 Ng4 4. Bf4 Nc6 5. Nf3 Bb4+ 6. Nbd2 Qe7 7. e3 0-0 8. Be2 Ngxe5 9. 0-0 Bxd2 10. Qxd2 a5 11. Nxe5 Nxe5 12. Qd5 1-0

[Event "Benidorm op U2300 11th"]
[Site "Benidorm"]
[Date "2012.12.04"]
[Round "5"]
[White "Ustianovich, Nazar"]
[Black "Ivanov, Borislav"]
[Result "1/2-1/2"]
[WhiteElo "2264"]
[BlackElo "2201"]
[PlyCount "68"]
[EventDate "2012.11.30"]
[EventType "swiss"]
[EventRounds "10"]
[EventCountry "ESP"]
[SourceTitle "EXT 2014"]
[Source "ChessBase"]
[SourceDate "2013.11.20"]
[SourceVersion "1"]
[SourceVersionDate "2013.11.20"]
[SourceQuality "1"]

1. Nf3 Nf6 2. c4 c6 3. d4 d5 4. e3 Bf5 5. Nc3 e6 6. Nh4 Bg6 7. Be2 Nbd7 8. 0-0 Bd6 9. g3 0-0 10. Nxg6 hxg6 11. Qc2 dxc4 12. Bxc4 c5 13. dxc5 Nxc5 14. Rd1 Qe7 15. Bd2 a6 16. Rac1 Rac8 17. Qb1 b5 18. Bf1 b4 19. Ne2 a5 20. Nd4 Qb7 21. Be1 Rfd8 22. Bg2 Qb6 23. Qc2 e5 24. Nc6 Rxc6 25. Bxc6 Qxc6 26. Rxd6 Qxd6 27. Qxc5 Qxc5 28. Rxc5 Rd5 29. Rxd5 Nxd5 30. e4 Nb6 31. b3 Nd7 32. f3 g5 33. Kf2 Kf8 34. Bd2 f6 1/2-1/2

[Event "Benidorm op U2300 11th"]
[Site "Benidorm"]
[Date "2012.12.03"]
[Round "4"]
[White "Ivanov, Borislav"]
[Black "Sanchez Botella, Luis Javier"]
[Result "1-0"]
[WhiteElo "2201"]
[BlackElo "2253"]
[PlyCount "87"]
[EventDate "2012.11.30"]
[EventType "swiss"]
[EventRounds "10"]
[EventCountry "ESP"]
[SourceTitle "EXT 2014"]
[Source "ChessBase"]
[SourceDate "2013.11.20"]
[SourceVersion "1"]
[SourceVersionDate "2013.11.20"]
[SourceQuality "1"]

1. d4 Nf6 2. c4 e6 3. g3 Bb4+ 4. Bd2 Qe7 5. Nf3 Nc6 6. Nc3 Bxc3 7. Bxc3 Ne4 8. Rc1 0-0 9. Bg2 d6 10. d5 Nxc3 11. Rxc3 Nd8 12. 0-0 e5 13. c5 dxc5 14. Qc2 b6 15. Re3 f6 16. d6 cxd6 17. Nxe5 fxe5 18. Bxa8 Bf5 19. Be4 g6 20. Rf3 Qe6 21. Rd1 Kg7 22. Bxf5 gxf5 23. Rfd3 Nf7 24. Qa4 Qe7 25. Ra3 Ra8 26. b4 Qc7 27. bxc5 bxc5 28. Qc2 Qd7 29. Rb1 Rc8 30. Rf3 e4 31. Ra3 d5 32. Ra5 d4 33. Rxc5 Rxc5 34. Qxc5 d3 35. Qc3+ Kg6 36. exd3 Ng5 37. dxe4 fxe4 38. Rc1 Kh5 39. Qc6 Qd2 40. Qe8+ Kg4 41. Qc8+ Kh5 42. h4 Nf3+ 43. Kg2 Ne5 44. Rc5 1-0

[Event "BUL-ch U26"]
[Site "Sofia"]
[Date "2012.11.11"]
[Round "7"]
[White "Ivanov, Borislav"]
[Black "Enchev, Ivajlo"]
[Result "1-0"]
[WhiteElo "2201"]
[BlackElo "2411"]
[PlyCount "95"]
[EventDate "2012.11.07"]
[EventType "swiss"]
[EventRounds "7"]
[EventCountry "BUL"]
[SourceTitle "EXT 2014"]
[Source "ChessBase"]
[SourceDate "2013.11.20"]
[SourceVersion "1"]
[SourceVersionDate "2013.11.20"]
[SourceQuality "1"]

1. d4 Nf6 2. Nf3 g6 3. Bf4 Bg7 4. e3 0-0 5. Be2 d6 6. h3 c5 7. 0-0 b6 8. c4 cxd4 9. exd4 d5 10. Ne5 Bb7 11. Bf3 Qc8 12. Re1 dxc4 13. Na3 Bd5 14. Naxc4 Qb7 15. Bxd5 Nxd5 16. Qf3 Nd7 17. Ng4 h5 18. Nge3 N7f6 19. Rec1 Rac8 20. Ne5 Qa8 21. Nxd5 Qxd5 22. Nc6 Qd7 23. b4 Rfe8 24. Be5 Nd5 25. b5 e6 26. Rc2 Ra8 27. Bxg7 Kxg7 28. Qe4 a6 29. bxa6 Ne7 30. Nb4 Qa4 31. a3 Nd5 32. Rcc1 Kg8 33. Nxd5 exd5 34. Qxd5 Red8 35. Qf3 Ra7 36. d5 Qxa6 37. Rc6 Qb5 38. Rd1 Qb2 39. Rd3 Qa1+ 40. Kh2 Rad7 41. Qe4 Qb2 42. f4 Qb1 43. f5 Rxd5 44. Rxg6+ Kh7 45. Qe7 R8d7 46. Qe8 fxg6 47. Qxg6+ Kh8 48. Qh6+ 1-0

[Event "BUL-ch U26"]
[Site "Sofia"]
[Date "2012.11.08"]
[Round "2"]
[White "Ivanov, Borislav"]
[Black "Tsekova, Viktoria"]
[Result "1/2-1/2"]
[WhiteElo "2201"]
[BlackElo "1875"]
[PlyCount "62"]
[EventDate "2012.11.07"]
[EventType "swiss"]
[EventRounds "7"]
[EventCountry "BUL"]
[SourceTitle "EXT 2014"]
[Source "ChessBase"]
[SourceDate "2013.11.20"]
[SourceVersion "1"]
[SourceVersionDate "2013.11.20"]
[SourceQuality "1"]

1. Nf3 d5 2. c4 d4 3. e3 Nc6 4. exd4 Nxd4 5. Nxd4 Qxd4 6. d3 e5 7. Nc3 Nf6 8. Be3 Qd8 9. Be2 Be7 10. 0-0 0-0 11. d4 exd4 12. Qxd4 Qxd4 13. Bxd4 Rd8 14. Be3 Bf5 15. Rad1 a6 16. h3 Bc2 17. Rxd8+ Rxd8 18. g4 Bd3 19. Bxd3 Rxd3 20. g5 Nd7 21. Nd5 Bd6 22. Nf4 Bxf4 23. Bxf4 Rd4 24. Bxc7 Rxc4 25. Bd6 Rd4 26. Be7 f6 27. Rc1 Kf7 28. gxf6 Nxf6 29. Rc7 Rd7 30. Rxd7 Nxd7 31. Bb4 Ke6 1/2-1/2

[Event "Zadar op-B 18th"]
[Site "Zadar"]
[Date "2011.12.14"]
[Round "6"]
[White "Saric, Zrinka"]
[Black "Ivanov, Borislav"]
[Result "1-0"]
[WhiteElo "2076"]
[BlackElo "2196"]
[PlyCount "93"]
[EventDate "2011.12.11"]
[EventType "swiss"]
[EventRounds "9"]
[EventCountry "CRO"]
[SourceTitle "CBM 145 Extra"]
[Source "ChessBase"]
[SourceDate "2012.01.03"]
[SourceVersion "1"]
[SourceVersionDate "2012.01.03"]
[SourceQuality "1"]

1. e4 c6 2. d4 d5 3. Nc3 dxe4 4. Nxe4 Bf5 5. Ng3 Bg6 6. Nf3 Nd7 7. h4 h6 8. h5 Bh7 9. Bd3 Bxd3 10. Qxd3 e6 11. Bd2 Ngf6 12. Ne4 Qc7 13. 0-0-0 0-0-0 14. g3 Nxe4 15. Qxe4 Nf6 16. Qe2 Bd6 17. Kb1 Rhe8 18. c4 c5 19. Bc3 a6 20. Rc1 Re7 21. Ne5 cxd4 22. Bxd4 Bxe5 23. Bxe5 Qc5 24. Rhd1 Red7 25. Rxd7 Rxd7 26. f4 Qa5 27. c5 Qd2 28. Qxd2 Rxd2 29. c6 b5 30. c7 Nxh5 31. Rc6 f6 32. Bd6 Nxg3 33. Rxa6 Rxd6 34. Rxd6 e5 35. fxe5 fxe5 36. Re6 Kxc7 37. Re7+ Kd6 38. Rxg7 Nf5 39. Rb7 Kc5 40. Rf7 Nd4 41. Rf6 e4 42. Rxh6 e3 43. Rh3 Nf5 44. Kc2 Kd4 45. Rh8 Ng3 46. Rd8+ Ke5 47. Kd3 1-0

[Event "Teteven op 26th"]
[Site "Teteven"]
[Date "2011.08.19"]
[Round "7"]
[White "Daskalov, Dimitar"]
[Black "Ivanov, Borislav"]
[Result "1-0"]
[WhiteElo "2035"]
[BlackElo "2201"]
[PlyCount "97"]
[EventDate "2011.08.13"]
[EventType "swiss"]
[EventRounds "9"]
[EventCountry "BUL"]
[SourceTitle "CBM 143 Extra"]
[Source "ChessBase"]
[SourceDate "2011.08.29"]
[SourceVersion "1"]
[SourceVersionDate "2011.08.29"]
[SourceQuality "1"]

1. e4 c6 2. Nc3 d5 3. Nf3 Bg4 4. h3 Bh5 5. exd5 cxd5 6. Bb5+ Nc6 7. g4 Bg6 8. Ne5 Rc8 9. d4 e6 10. h4 f6 11. Nxg6 hxg6 12. Qd3 Kf7 13. Bxc6 Rxc6 14. Bd2 Bb4 15. 0-0-0 Ne7 16. Kb1 Bxc3 17. Bxc3 Qb6 18. f4 Rhc8 19. Ka1 Qa6 20. Qg3 b5 21. h5 b4 22. Bxb4 Rxc2 23. Bxe7 Kxe7 24. hxg6 Qc4 25. Qa3+ Kd7 26. b3 Qc3+ 27. Kb1 a6 28. Rh7 Rg8 29. Qa4+ Kc7 30. Qa3 Kb7 31. Qe7+ Ka8 32. Qa3 a5 33. Rh3 Qc7 34. b4 Rb8 35. Rb3 Rb5 36. bxa5 Rxb3+ 37. axb3 Qc3 38. Qf8+ Kb7 39. Qe7+ Ka8 40. Qe8+ Kb7 41. Qe7+ Ka8 42. Qf8+ Kb7 43. Qa3 Rh2 44. a6+ Kb6 45. Qd6+ Kb5 46. Qc5+ Qxc5 47. dxc5 Kxc5 48. Rc1+ Kd6 49. Rc8 1-0

[Event "Teteven op 26th"]
[Site "Teteven"]
[Date "2011.08.17"]
[Round "5"]
[White "Petkov, Vladimir"]
[Black "Ivanov, Borislav"]
[Result "1-0"]
[WhiteElo "2490"]
[BlackElo "2201"]
[PlyCount "67"]
[EventDate "2011.08.13"]
[EventType "swiss"]
[EventRounds "9"]
[EventCountry "BUL"]
[SourceTitle "CBM 143 Extra"]
[Source "ChessBase"]
[SourceDate "2011.08.29"]
[SourceVersion "1"]
[SourceVersionDate "2011.08.29"]
[SourceQuality "1"]

1. Nf3 Nf6 2. c4 c6 3. d4 d5 4. Nc3 dxc4 5. a4 Bf5 6. e3 e6 7. Bxc4 Bb4 8. 0-0 Nbd7 9. Qe2 Bg6 10. e4 0-0 11. Bd3 Bh5 12. e5 Nd5 13. Nxd5 cxd5 14. Qe3 Be7 15. Bd2 Nb8 16. a5 a6 17. Ne1 Bg6 18. Be2 Nc6 19. Nd3 Rc8 20. Nf4 Nb4 21. Nxg6 hxg6 22. Ra4 Nc6 23. g3 Qd7 24. b3 Na7 25. h4 Nb5 26. Kg2 Rc7 27. h5 g5 28. Bd3 Rfc8 29. Qf3 Nc3 30. Raa1 Nb5 31. h6 Nxd4 32. Qh5 Nf5 33. hxg7 Kxg7 34. Rh1 1-0

[Event "Senta op-A 15th"]
[Site "Senta"]
[Date "2011.07.21"]
[Round "7"]
[White "Ivanov, Borislav"]
[Black "Kovacs, Arthur"]
[Result "1-0"]
[WhiteElo "2201"]
[BlackElo "2099"]
[PlyCount "63"]
[EventDate "2011.07.16"]
[EventType "swiss"]
[EventRounds "9"]
[EventCountry "SRB"]
[SourceTitle "CBM 143 Extra"]
[Source "ChessBase"]
[SourceDate "2011.08.29"]
[SourceVersion "1"]
[SourceVersionDate "2011.08.29"]
[SourceQuality "1"]

1. d4 d5 2. c4 e6 3. Nf3 Nf6 4. g3 Be7 5. Bg2 0-0 6. 0-0 dxc4 7. Qc2 a6 8. a4 Bd7 9. Qxc4 Bc6 10. Bf4 a5 11. Nc3 Na6 12. Ne5 Bxg2 13. Kxg2 c6 14. e4 Qb6 15. Be3 Qb4 16. Qe2 c5 17. Nd3 Qc4 18. Rfc1 Nb4 19. Nxc5 Qxe2 20. Nxe2 b6 21. e5 bxc5 22. exf6 gxf6 23. dxc5 Nd3 24. Rc3 Nxb2 25. Nd4 Rfc8 26. Nb5 Rab8 27. Na7 Rc7 28. c6 Rb4 29. Rc2 Nxa4 30. Rxa4 Rxa4 31. Bb6 Bd6 32. Nb5 1-0

[Event "Senta op-A 15th"]
[Site "Senta"]
[Date "2011.07.19"]
[Round "5"]
[White "Klasan, Vladimir"]
[Black "Ivanov, Borislav"]
[Result "1-0"]
[WhiteElo "2352"]
[BlackElo "2201"]
[PlyCount "77"]
[EventDate "2011.07.16"]
[EventType "swiss"]
[EventRounds "9"]
[EventCountry "SRB"]
[SourceTitle "CBM 143 Extra"]
[Source "ChessBase"]
[SourceDate "2011.08.29"]
[SourceVersion "1"]
[SourceVersionDate "2011.08.29"]
[SourceQuality "1"]

1. e4 c6 2. d4 d5 3. exd5 cxd5 4. Bd3 Nc6 5. c3 Nf6 6. h3 e5 7. dxe5 Nxe5 8. Qe2 Qe7 9. Bc2 Bd7 10. Nd2 0-0-0 11. Ngf3 Nc6 12. Qxe7 Bxe7 13. Nb3 Bd6 14. Be3 Be6 15. 0-0-0 Bc7 16. Rhe1 Rhe8 17. Bg5 h6 18. Be3 Bd7 19. Nbd4 Bb6 20. Nf5 Bxe3+ 21. Rxe3 Bxf5 22. Bxf5+ Kc7 23. Rde1 Rxe3 24. Rxe3 Re8 25. Rxe8 Nxe8 26. Kd2 Kd6 27. Ke3 Nc7 28. Bc8 b6 29. Nd4 Nxd4 30. Kxd4 Ne6+ 31. Bxe6 Kxe6 32. a3 Kd6 33. a4 f6 34. f4 Kc6 35. f5 Kd6 36. b4 h5 37. h4 a6 38. b5 a5 39. g3 1-0

[Event "Zagreb op-B"]
[Site "Zagreb"]
[Date "2011.04.16"]
[Round "6"]
[White "Ivanov, Borislav"]
[Black "Valkovic, Kristian"]
[Result "1-0"]
[WhiteElo "2202"]
[BlackElo "2078"]
[PlyCount "37"]
[EventDate "2011.04.11"]
[EventType "swiss"]
[EventRounds "9"]
[EventCountry "CRO"]
[SourceTitle "CBM 141 Extra"]
[Source "ChessBase"]
[SourceDate "2011.05.03"]
[SourceVersion "1"]
[SourceVersionDate "2011.05.03"]
[SourceQuality "1"]

1. d4 d6 2. Nf3 f5 3. g3 Nf6 4. Bg2 g6 5. c4 Bg7 6. 0-0 0-0 7. Nc3 Nc6 8. d5 Ne5 9. Nxe5 dxe5 10. c5 e4 11. Qb3 Kh8 12. f3 exf3 13. exf3 Nd7 14. Be3 b6 15. c6 Nc5 16. Qc2 Ba6 17. Rfd1 Qe8 18. b4 Nd3 19. b5 1-0

[Event "Zagreb op-B"]
[Site "Zagreb"]
[Date "2011.04.12"]
[Round "2"]
[White "Ivanov, Borislav"]
[Black "Greb, Nikola"]
[Result "1-0"]
[WhiteElo "2202"]
[BlackElo "2069"]
[PlyCount "69"]
[EventDate "2011.04.11"]
[EventType "swiss"]
[EventRounds "9"]
[EventCountry "CRO"]
[SourceTitle "CBM 141 Extra"]
[Source "ChessBase"]
[SourceDate "2011.05.03"]
[SourceVersion "1"]
[SourceVersionDate "2011.05.03"]
[SourceQuality "1"]

1. d4 c5 2. d5 e6 3. c4 exd5 4. cxd5 d6 5. Nc3 Ne7 6. Nf3 Ng6 7. g3 Be7 8. Bg2 0-0 9. 0-0 Bg4 10. Nd2 Qd7 11. a4 Bh3 12. Nc4 Bxg2 13. Kxg2 f5 14. f4 Bf6 15. Nb5 Na6 16. Nbxd6 Rad8 17. Be3 b6 18. Qb3 Nb4 19. Rfd1 a6 20. Bf2 Be7 21. e4 Bxd6 22. e5 Bb8 23. Nxb6 Qb7 24. Bxc5 Nxd5 25. Rxd5 Rxd5 26. Qxd5+ Qxd5+ 27. Nxd5 Rd8 28. Rd1 Kf7 29. Nc3 Rc8 30. Ba3 Ke6 31. Rd4 Ne7 32. Rb4 Nd5 33. Nxd5 Kxd5 34. Rb7 Ke4 35. Rxg7 1-0

[Event "Sofia Nikolov Memorial 1st"]
[Site "Sofia"]
[Date "2011.03.04"]
[Round "3"]
[White "Ruschukov, Boyan"]
[Black "Ivanov, Borislav"]
[Result "1/2-1/2"]
[WhiteElo "1962"]
[BlackElo "2202"]
[PlyCount "93"]
[EventDate "2011.03.03"]
[EventType "swiss"]
[EventRounds "7"]
[EventCountry "BUL"]
[SourceTitle "CBM 141 Extra"]
[Source "ChessBase"]
[SourceDate "2011.05.03"]
[SourceVersion "1"]
[SourceVersionDate "2011.05.03"]
[SourceQuality "1"]

1. c4 c6 2. e4 d5 3. exd5 cxd5 4. d4 Nf6 5. Nc3 Nc6 6. Nf3 Bg4 7. Be3 e6 8. h3 Bf5 9. Nh4 Be4 10. f3 Bg6 11. c5 Be7 12. Nxg6 hxg6 13. Bb5 0-0 14. Qa4 Qc7 15. 0-0 e5 16. Bxc6 bxc6 17. dxe5 Nd7 18. e6 fxe6 19. Qg4 Nxc5 20. b4 Nb7 21. Qxe6+ Kh7 22. b5 Nd8 23. Qg4 Bf6 24. Rac1 Bxc3 25. Rxc3 Qa5 26. Rfc1 Qxb5 27. Bg5 Nf7 28. Rxc6 Ne5 29. Qh4+ Kg8 30. Re6 Rae8 31. Rxe8 Rxe8 32. Qd4 Nc6 33. Qc5 Re1+ 34. Kh2 Qb8+ 35. f4 Rxc1 36. Qxc1 Qd6 37. Bh4 Nd4 38. Qd2 Nf5 39. Bf2 g5 40. g4 Ne7 41. Bg3 gxf4 42. Bxf4 Qd7 43. Kg3 d4 44. h4 Ng6 45. h5 Nxf4 46. Kxf4 Qd5 47. g5 1/2-1/2

[Event "BUL-ch sf 75th"]
[Site "Plovdiv"]
[Date "2011.02.08"]
[Round "3"]
[White "Kolev, Atanas Tonchev"]
[Black "Ivanov, Borislav"]
[Result "0-1"]
[WhiteElo "2066"]
[BlackElo "2201"]
[PlyCount "130"]
[EventDate "2011.02.07"]
[EventType "swiss"]
[EventRounds "9"]
[EventCountry "BUL"]
[SourceTitle "CBM 140 Extra"]
[Source "ChessBase"]
[SourceDate "2011.03.01"]
[SourceVersion "1"]
[SourceVersionDate "2011.03.01"]
[SourceQuality "1"]

1. d4 d5 2. c4 c6 3. Nf3 Nf6 4. Nc3 dxc4 5. a4 Bf5 6. Ne5 Nbd7 7. Nxc4 Qc7 8. g3 e5 9. dxe5 Nxe5 10. Bf4 Nfd7 11. Bg2 g5 12. Ne3 gxf4 13. Nxf5 0-0-0 14. Qc2 Nc5 15. 0-0 fxg3 16. hxg3 a5 17. Ne4 Nxe4 18. Qxe4 Rd2 19. b3 Bb4 20. Rac1 Rhd8 21. e3 Nd3 22. Rc4 Qe5 23. Qg4 Kb8 24. Nd4 Nxf2 25. Rxf2 Qxe3 26. Qf4+ Qxf4 27. Nxc6+ bxc6 28. Rfxf4 R8d3 29. Rf3 Rd1+ 30. Kh2 R3d2 31. Rxf7 Re1 32. Rxh7 Ree2 33. Rh8+ Kb7 34. Rh7+ Kb8 35. Rh8+ Kc7 36. Rxc6+ Kd7 37. Rh7+ Be7 38. Rch6 Rxg2+ 39. Kh3 Rh2+ 40. Kg4 Rxh6 41. Rxh6 Rd3 42. Ra6 Bb4 43. Kh4 Be1 44. Kg5 Rxg3+ 45. Kf5 Rxb3 46. Ke5 Ra3 47. Kd5 Rxa4 48. Ra7+ Kd8 49. Kd6 Rd4+ 50. Kc5 Rd7 51. Ra8+ Ke7 52. Kb5 Bb4 53. Rh8 Ke6 54. Ka4 Kd5 55. Rh5+ Kc4 56. Rh4+ Rd4 57. Rh1 Re4 58. Rh5 Bc3 59. Rh7 Re1 60. Rc7+ Kd3 61. Rd7+ Kc2 62. Ra7 Ra1+ 63. Kb5 Kb3 64. Kc5 Bb4+ 65. Kd4 Rd1+ 0-1